000 00869nam a2200217Ii 4500
003 JO-AjNU
008 230605s9999||||xx |||||||||||||| ||und||
040 _aJO-AjNU
_bara
_erda
_cJO-AjNU
041 _aara
050 1 4 _aDS79 2013
100 3 _aالعاني،عبد الحميد وآخرون,
_eauthor
_956887
245 0 0 _aالإقليم وفق الدستور الحالي: أبحاث نوقشت في ندوة راسم الشهرية
250 _aط1
264 3 1 _aاسطنبول: مركز الرافدين للدراسات الاستراتيجية، 2013
300 _a112ص
336 _atext
_btxt
_2rdacontent
337 _aunmediated
_bn
_2rdamedia
338 _avolume
_bnc
_2rdacarrier
490 0 _aسلسلة اصدارات مركز الرافدين للدراسات الاستراتيجية (راسام)1
650 4 _aدستور- العراق
_956888
999 _aA25460
_c29028
_d29028